000 00899nam a2200241 a 4500
001 000017765
003 DO-SdBNP
005 20211206122938.0
008 100331s2003 dr 000 0 spa d
020 _a9993403768
040 _aDO-SdBNP
_bspa
_cBNPHU
082 4 _a920.729365
_bP419h
_222
100 1 _aPenzo, Gregorio Elías
_d1922-
_938636
245 1 0 _aHombres y mujeres notables y benefactores de Samaná 1493-1910 /
_cGregorio Elías Penzo ; prólogo Pedro Bartolomé Benoit.
260 _aSanto Domingo :
_bBúho,
_c2003.
300 _a216 p. ;
_c23 cm.
500 _aIncluye índice
500 _aIncluye datos biográficos del autor en la solapa de la cubierta
650 4 _aCiudades y pueblos
_zRepúlica Dominicana
_980824
651 4 _aSamaná (República Dominicana)
_xHistoria local
_y1493-1910
_938637
700 1 _aBenoit, Pedro Bartolomé,
_epról.
_938639
942 _2ddc
_cLBS1
999 _c17290
_d17290